Terra nostra / (Registro nro. 28596)
[ vista simple ]
| 000 -CABECERA | |
|---|---|
| campo fijo de control de longitud | 00709cam a22002417a 4500 |
| 001 - NÚMERO DE CONTROL | |
| campo de control | 28596 |
| 003 - IDENTIFICADOR DEL NÚMERO DE CONTROL | |
| campo de control | AR-RoBPED |
| 005 - FECHA Y HORADE LA ULTIMA TRANSACCION | |
| campo de control | 20220523112854.0 |
| 008 - ELEMENTOS DE LONGITUD FIJA--INFORMACION GENERAL | |
| campo fijo de control de longitud | 220519s1985 sp ||||| |||| 00| f spa d |
| 020 ## - ISBN | |
| ISBN | 8432205168 |
| 040 ## - FUENTE CATALOGADORA | |
| Centro catalogador/agencia de origen | AR-RoBPED |
| 041 ## - IDIOMA | |
| Código de idioma para texto/pista de sonido o título independiente | spa |
| 100 1# - ENCABEZAMIENTO PRINCIPAL--AUTOR PERSONAL | |
| 9 (RLIN) | 13001 |
| Nombre de persona | Fuentes, Carlos |
| Fechas nac-muerte | 1928-2012 |
| 245 10 - TITULO | |
| Título | Terra nostra / |
| Mención de responsabilidad | Carlos Fuentes |
| 260 ## - PUBLICACION | |
| Lugar | Barcelona : |
| Editor | Seix Barral, |
| Fecha | c1985 |
| 300 ## - DESCRIPCION FISICA | |
| Extensión | 783 p. |
| 490 0# - SERIE | |
| Mención de serie | (Biblioteca Breve ; |
| Designación de volumen o secuencia | 667) |
| 500 ## - NOTA GENERAL | |
| Nota general | Portada : ilustración de Antonio Saura. |
| 650 14 - TERMINO DE MATERIA--CONTROLADO | |
| 9 (RLIN) | 3638 |
| Término controlado | LITERATURA MEXICANA |
| 9 (RLIN) | 25 |
| Término controlado | NOVELAS |
| 942 ## - ELEMENTOS KOHA | |
| Fuente de clasificación | Universal Decimal Classification |
| Número Koha | k. 28596 |
| Koha tipo de ítem | Libro |
| Clasificación | 860(72)-31 |
| Signatura librística | F 89 t |
| Inventario | Inv. 40042 |
| 945 ## - PROCESAMIENTO DE LA INFORMACIÓN LOCAL | |
| Catalogador y fecha | lgc 19/05/2022 mev 23/05/2022 |
| Estado retirado | Estado perdido | Fuente de clasificación | Estado dañado | No se presta | Biblioteca propietaria | Biblioteca de reserva | Fecha de adquisición | Procedencia | Total de préstamos | Signatura topográfica completa | Código de barras (nº de inventario) | Fecha visto por última vez | Tipo de ítem Koha | Nota pública |
|---|---|---|---|---|---|---|---|---|---|---|---|---|---|---|
| Universal Decimal Classification | Biblioteca Pedagógica Eudoro Díaz | Biblioteca Pedagógica Eudoro Díaz | 14/05/2022 | Donación | 860(72)-31 F 89 t | 40042 | 19/05/2022 | Libro | Se presta 15 días. |